Straightforward statistics for the behavioral science / (Record no. 172023)
[ view plain ]
| 000 -LEADER | |
|---|---|
| fixed length control field | 00627nam a2200193 4500 |
| 001 - CONTROL NUMBER | |
| control field | vtls001039960 |
| 003 - CONTROL NUMBER IDENTIFIER | |
| control field | MY-SjTCS |
| 005 - DATE AND TIME OF LATEST TRANSACTION | |
| control field | 20200226120846.0 |
| 008 - FIXED-LENGTH DATA ELEMENTS--GENERAL INFORMATION | |
| fixed length control field | 110218 1996 00 eng |
| 020 ## - INTERNATIONAL STANDARD BOOK NUMBER | |
| International Standard Book Number | 0534231004 |
| 039 #9 - LEVEL OF BIBLIOGRAPHIC CONTROL AND CODING DETAIL [OBSOLETE] | |
| Level of rules in bibliographic description | 201905171024 |
| Level of effort used to assign nonsubject heading access points | dianafitri |
| Level of effort used to assign subject headings | 201102181413 |
| Level of effort used to assign classification | VLOAD |
| -- | 200407271843 |
| -- | VLOAD |
| 082 04 - DEWEY DECIMAL CLASSIFICATION NUMBER | |
| Classification number | 519.5 |
| Item number | EVA |
| 100 1# - MAIN ENTRY--PERSONAL NAME | |
| Personal name | Evans, James D. |
| 9 (RLIN) | 5351 |
| 245 10 - TITLE STATEMENT | |
| Title | Straightforward statistics for the behavioral science / |
| Statement of responsibility, etc. | James D Evans |
| 260 ## - PUBLICATION, DISTRIBUTION, ETC. | |
| Place of publication, distribution, etc. | C.A. : |
| Name of publisher, distributor, etc. | Books / Cole Pub. Co., |
| Date of publication, distribution, etc. | 1996 |
| 300 ## - PHYSICAL DESCRIPTION | |
| Extent | xxii, 600p. ; |
| Dimensions | 24cm. |
| 650 #0 - SUBJECT ADDED ENTRY--TOPICAL TERM | |
| Topical term or geographic name entry element | Social sciences |
| General subdivision | Statistical methods |
| 9 (RLIN) | 25993 |
| 920 ## - Programme | |
| Programme | BRI : 520046 |
| Withdrawn status | Lost status | Source of classification or shelving scheme | Damaged status | Not for loan | Home library | Current library | Date acquired | Total Checkouts | Barcode | Date last seen | Date last checked out | Copy number | Uniform Resource Identifier | Koha item type | Public note |
|---|---|---|---|---|---|---|---|---|---|---|---|---|---|---|---|
| Dewey Decimal Classification | Taylor's Library-TU | Taylor's Library-TU | 27/07/2004 | 5 | 5000031873 | 12/12/2019 | 08/10/2018 | 1 | Floor 4, Shelf 15 , Side 2, TierNo 2, BayNo 3 | Main Collection | SABDx,23002,03,GR |